000 00866cam a22001934a 4500
005 20250605164134.0
008 250528s ||||||||||||||||||||||||d
035 _a18663
020 _a851701337
040 _aGR-AtMCL
_bgre
_dGR-AtMCL
_eAACR2
245 1 _aSex, Class and Realism / British Cinema 1956-1963
260 _bBFI Publishing,
_c1986
300 _a234
520 _aThis book contains unusually fresh discussions of films justly regarded as important, alongside those unjustly ignored. Introduction, British Society 1956-1963, The Film Industry: Combine Power and Independent Production, Narrative and Realism, The Social Problem Film I, The Social Problem Film II, Working-Class Realism I, Working-Class Realism II, Conclusion, Select Filmography, Index.
700 1 _aHill John W
_92268
942 _cBK
999 _c4008
_d4008